| 000 | 01402mam a2200373 a 4500 | ||
|---|---|---|---|
| 999 |
_c21 _d21 |
||
| 001 | 3078776 | ||
| 003 | Nust | ||
| 005 | 20170105095814.0 | ||
| 008 | 000323s1998 dcua b 001 0 eng d | ||
| 020 | _a0875530478 | ||
| 035 | _a(OCoLC)40733179 | ||
| 035 | _a(OCoLC)ocm40733179 | ||
| 035 | _a(NNC)3078776 | ||
| 040 |
_aUaCaAUL _dUaCaAUL _dNNC _cNUST |
||
| 090 |
_aTD380 _b.S8 1998 |
||
| 245 | 1 | 0 |
_aStandard methods for the examination of water and wastewater / _cprepared and published jointly by American Public Health Association, American Water Works Association, Water Environment Federation ; joint editorial board, Lenore S. Clesceri, Arnold E. Greenberg, Andrew D. Eaton ; managing editor, Mary Ann H. Franson. |
| 250 | _a21th ed. | ||
| 260 |
_aWashington, DC : _bAmerican Public Health Association, _cc2005 |
||
| 300 |
_a1 v. (various pagings) : _bill. ; _c29 cm. |
||
| 504 | _aIncludes bibliographical references and index. | ||
| 650 | 0 |
_aWater _xAnalysis. |
|
| 650 | 0 |
_aSewage _xAnalysis. |
|
| 650 | 0 |
_aWater _xMicrobiology. |
|
| 650 | 0 |
_aWater _xPollution. |
|
| 700 | 1 | _aClesceri, Lenore S. | |
| 700 | 1 | _aEaton, Andrew D. | |
| 700 | 1 | _aGreenberg, Arnold E. | |
| 700 | 1 | _aFranson, M. A. H. | |
| 710 | 2 | _aAmerican Public Health Association. | |
| 710 | 2 | _aAmerican Water Works Association. | |
| 710 | 2 | _aWater Environment Federation. | |
| 942 |
_2ddc _cBK |
||